Massifs français d'origine gauloise - Statistiques

Statistiques générales
  • Ce quiz a été pris 15 fois
  • Le résultat moyen est 5 sur 6
Statistiques - réponses
Hint Réponse % Correct
Formé d' "Albo" signifiant "lumineux, haut, céleste". Ce massif possède une divinité gauloise: Alpibus. les alpes
100%
"Vosego": formé de "vo" (sous) et "sego" (victorieux). Dans les hauteurs de ce massif s'expriment donc la puissance divine. les vosges
93%
"Morv-enno", signifiant "hauteur sombre": épaisse couverture sylvestre ( encore de nos jours !) le morvan
86%
Nom formé d' "arduo", signifiant haut. les ardennes
79%
"Are-mor-icus" ( les contrées situées devant la mer) massif armoricain
57%
Vient du mot "ior" signifiant "chef": montagne "commandant" le paysage" le jura
50%
Aucun quiz correspondant
Distribution des résultats
% des personnes avec chaque résultat
Percentile par nombre de réponses
Votre historique - résultats
Vous n’avez pas pris ce quiz